Control lógico programable nivel b sico TP 301 manual de estudio / R. Ackerman [et.al] (Registro nro. 18409)
[ vista simple ]
| 000 -LÍDER | |
|---|---|
| fixed length control field | 00657nam a2200181 4500 |
| 008 - ELEMENTOS DE LONGITUD FIJA -- INFORMACIÓN GENERAL | |
| fixed length control field | 0 1991 0a 000 0ESP |
| 020 ## - NÚMERO INTERNACIONAL NORMALIZADO PARA LIBROS | |
| ISBN | 3-8127-3317-X |
| 050 ## - SIGNATURA TOPOGRAFICA DE LA BIBLIOTECA DEL CONGRESO (LC) | |
| Número de Clasificación | TJ213.5 A7 1991 |
| 082 ## - NUMERO DE CLASIFICACION DECIMAL DEWEY | |
| Número de Clasificación | 621.502.02 A182c |
| 100 ## - ASIENTO PRINCIPAL--NOMBRE PERSONAL | |
| Nombre personal | Ackerman, R. |
| 245 ## - TÍTULO | |
| Título | Control lógico programable nivel b sico TP 301 manual de estudio / R. Ackerman [et.al] |
| 250 ## - MENCIÓN DE EDICIÓN | |
| Mención de edición | 1 |
| 260 ## - PUBLICACIÓN, DISTRIBUCIÓN, ETC. (PIE DE IMPRENTA) | |
| Lugar de publicación, distribución, etc. | España : Festo didactic |
| 300 ## - DESCRIPCIÓN FÍSICA | |
| Extensión | 205 p. / 30 cm. |
| 440 ## - | |
| -- | Sistema para la enseñanza de las técnicas de automatización y comunicaciones |
| 650 ## - ASIENTO SECUNDARIO DE MATERIA - TERMINO TEMÁTICO | |
| Término temático o nombre geográfico como elemento de entrada | 1.CONTROL AUTOMATICO |
| 700 ## - ASIENTO SECUNDARIO - NOMBRE PERSONAL | |
| Nombre personal | Franz, J. Coaut. \ Hartmann T. Coaut. \ Hopf A. Coaut. \ Kantel M. Coaut. |
| No. biblioteca | No. biblioteca | Número de clasificación | Código de barras/Número de adquisición | Número de copia | Tipo de material |
|---|---|---|---|---|---|
| ÁREA DE ELECTROMECÁNICA | ÁREA DE ELECTROMECÁNICA | 621.502.02 A182c | 29883 | 1 | Libros |
| ÁREA DE ELECTROMECÁNICA | ÁREA DE ELECTROMECÁNICA | 621.502.02 A182c | 29884 | 2 | Libros |
| ÁREA DE ELECTROMECÁNICA | ÁREA DE ELECTROMECÁNICA | 621.502.02 A182c | 12463 | 3 | Libros |
